Engineering Hydrology CE-354 course pack (Record no. 553580)

000 -LEADER
fixed length control field 00356nam a22001337a 4500
082 ## - DEWEY DECIMAL CLASSIFICATION NUMBER
Classification number CP-07
100 ## - MAIN ENTRY--PERSONAL NAME
Personal name Shahid Hussain, TVF
9 (RLIN) 50848
245 ## - TITLE STATEMENT
Title Engineering Hydrology CE-354 course pack
Statement of responsibility, etc. Course pack
250 ## - EDITION STATEMENT
Edition statement Fall-2017
260 ## - PUBLICATION, DISTRIBUTION, ETC.
Place of publication, distribution, etc. MCE
Name of publisher, distributor, etc. Shahid Hussain, TVF
Date of publication, distribution, etc. 2017
526 ## - STUDY PROGRAM INFORMATION NOTE
Program name 0
Interest level 0
Reading level 0
Title point value CP_07
650 ## - SUBJECT ADDED ENTRY--TOPICAL TERM
Topical term or geographic name entry element Course Pack
9 (RLIN) 50849
942 ## - ADDED ENTRY ELEMENTS (KOHA)
Source of classification or shelving scheme
Koha item type Book Bank
Holdings
Withdrawn status Lost status Source of classification or shelving scheme Damaged status Not for loan Permanent Location Current Location Date acquired Total Checkouts Full call number Barcode Date last seen Date last checked out Price effective from Koha item type
          Military College of Engineering (MCE) Military College of Engineering (MCE) 08/17/2015 1 CP-07 MCE-CP07 10/18/2019 02/02/2016 08/17/2015 Book Bank
© 2023 Central Library, National University of Sciences and Technology. All Rights Reserved.